| 000 | 00342cam a22001097a 4500 | ||
|---|---|---|---|
| 008 | 180718b1961 xxu||||| |||| 00| 0 eng d | ||
| 082 | _aT3x73 Un3s | ||
| 245 |
_aSurvey of current business _cby Department of Commerce, U.S. |
||
| 260 |
_aWashington _bU.S. Government Printing Office _c1961 |
||
| 300 | _a40p | ||
| 700 | _aU.S. Department of Commerce | ||
| 999 |
_c497780 _d497780 |
||